Vývoj v slovenskom finančnom sektore z pohľadu finančnej stability

Stabilita finančného sektora predstavuje dôležitý predpoklad zdravého vývoja ekonomiky. Finančný sektor má potenciál podporiť zdravý a udržateľný ekonomický rast, zároveň však má aj potenciál generovať šoky do reálnej ekonomiky s následným negatívnym vplyvom na životnú úroveň obyvateľstva. Analýza v...

Ausführliche Beschreibung

Gespeichert in:
Bibliographische Detailangaben
1. Verfasser: Zeleňák, Karol
Format: Buchkapitel
Sprache:Slowakisch
Schlagworte:
Tags: Tag hinzufügen
Keine Tags, Fügen Sie das erste Tag hinzu!

MARC

LEADER 00000naa a2200000 4500
001 0238339
005 20220805075258.8
041 0 |a slo 
044 |a SK 
245 1 0 |a Vývoj v slovenskom finančnom sektore z pohľadu finančnej stability  |c Karol Zeleňák 
520 |a Stabilita finančného sektora predstavuje dôležitý predpoklad zdravého vývoja ekonomiky. Finančný sektor má potenciál podporiť zdravý a udržateľný ekonomický rast, zároveň však má aj potenciál generovať šoky do reálnej ekonomiky s následným negatívnym vplyvom na životnú úroveň obyvateľstva. Analýza vývoja finančného sektora a vyhodnotenie potenciálnych rizík spojených s týmto vývojom. 
610 2 0 |a stabilita finančná 
610 2 0 |a stabilita hospodárstva 
610 2 0 |a riziko finančné 
610 2 0 |a banky 
610 2 0 |a produkt domáci hrubý 
610 2 0 |a úroveň životná 
610 2 0 |a ukazovatele makroekonomické 
100 1 |a Zeleňák, Karol